Boundedly controlled topology : foundations of algebraic topology and simple homotopy theory

Saved in:
Bibliographic Details
Main Author: Anderson, Douglas R. (Douglas Ross) 1940-
Other Authors: Munkholm, Hans J. (Hans Jorgen) 1940-
Format: Book
Language:English
Published: Berlin : Springer-Verlag, c1988
Series:Lecture notes in mathematics (Springer-Verlag) ; 1323
Subjects:
Tags: Add Tag
No Tags, Be the first to tag this record!

MARC

LEADER 00000nam a2200000 i 4500
001 1/27964
008 941103s1988 eng d
020 |a 3-540-19397-9 
035 |a 1993  |l 10037955 
040 |a GR-MY-UA  |b gre  |e aacr 
041 0 |a eng 
082 0 |a 514.22 
100 1 |a Anderson, Douglas R.  |q (Douglas Ross)  |d 1940- 
245 1 0 |a Boundedly controlled topology :  |b foundations of algebraic topology and simple homotopy theory /  |c Douglas R. Anderson, Hans J. Munkholm 
260 |a Berlin :   |b Springer-Verlag,   |c c1988 
300 |a xii, 309 p.;  |c 25 cm. 
490 1 |a Lecture notes in mathematics (Springer-Verlag)  |v ; 1323 
500 |a Includes bibliography and index 
650 0 0 |a Piecewise linear topology. 
650 0 0 |a Homotopy theory. 
650 0 0 |a Complexes. 
650 0 0 |a Categories (Mathematics) 
700 1 |a Munkholm, Hans J.  |q (Hans Jorgen)  |d 1940- 
830 0 |a Lecture notes in mathematics (Springer-Verlag)  |v ; 1323 
852 |a INST  |b SAMOS  |e 19941103  |h 514.22 AND  |p 005300006924  |q 005300006924  |t BK  |y 0 
909 |a Σ  |b 029204